Weaponeering Conventional Weapon System Effectiveness (Record no. 559987)

000 -LEADER
fixed length control field 00457nam a2200145Ia 4500
008 - FIXED-LENGTH DATA ELEMENTS--GENERAL INFORMATION
fixed length control field 210428s9999 xx 000 0 und d
020 ## - INTERNATIONAL STANDARD BOOK NUMBER
International Standard Book Number 978-1563476655
082 ## - DEWEY DECIMAL CLASSIFICATION NUMBER
Classification number 355.8 D7791 W
100 ## - MAIN ENTRY--PERSONAL NAME
Personal name Morris R.Driels
9 (RLIN) 52215
245 #0 - TITLE STATEMENT
Title Weaponeering Conventional Weapon System Effectiveness
260 ## - PUBLICATION, DISTRIBUTION, ETC.
Name of publisher, distributor, etc. American Institute of Aeronautics and Astronautics
Place of publication, distribution, etc. Washington DC
Date of publication, distribution, etc. 2004
300 ## - PHYSICAL DESCRIPTION
Extent 473p
440 ## - SERIES STATEMENT/ADDED ENTRY--TITLE
Title AIAA Education Series
9 (RLIN) 1422
942 ## - ADDED ENTRY ELEMENTS (KOHA)
Koha item type Book
Source of classification or shelving scheme
Holdings
Withdrawn status Lost status Source of classification or shelving scheme Damaged status Not for loan Permanent Location Current Location Date acquired Total Checkouts Total Renewals Full call number Barcode Date last seen Date last checked out Price effective from Koha item type
          School of Chemical & Materials Engineering (SCME) School of Chemical & Materials Engineering (SCME) 05/11/7 1 1 355.8 D7791 W SCME-138 03/09/2026 02/03/2026 04/28/2021 Book
© 2023 Central Library, National University of Sciences and Technology. All Rights Reserved.